| 000 | 00461nam a2200181Ia 4500 | ||
|---|---|---|---|
| 008 | 210719s2008 xx 000 0 und d | ||
| 020 | _a978-1-4129-2157-2 | ||
| 041 | _aeng | ||
| 082 | _a362.10954 WAIS | ||
| 100 | _aWAINWRIGHT (David) Ed | ||
| 245 | _aSociology of health | ||
| 260 |
_aLondon _bSage Publications _c2008 |
||
| 300 |
_axvi,199 _bHB |
||
| 365 |
_b3680.95 _cGBP |
||
| 650 | _aSociology | ||
| 650 | _aSociology | ||
| 906 | _ahealth ; Sociology | ||
| 999 |
_c212015 _d212015 |
||